| 000 | 00889nam a2200253Ia 4500 | ||
|---|---|---|---|
| 003 | OSt | ||
| 005 | 20221005113530.0 | ||
| 006 | a|||||r|||| 00| 0 | ||
| 007 | ta | ||
| 008 | 221004b |||||||| |||| 00| 0 pan d | ||
| 020 |
_a9789351121503 (hbk) _cINR 200.00 |
||
| 024 | _a33219 | ||
| 037 |
_b788, 27/02/2017, H.K. Prakashan _cTextual |
||
| 040 |
_aCRL _cCRL _bpan |
||
| 041 |
_2pan _apan |
||
| 082 | _aO153,3NDH5x, Q6 | ||
| 100 | _aਧਾਲੀਵਾਲ, ਸੁਖਰਾਜ, ਂਚ. | ||
| 245 | 0 | _aਚੰਦਰਮੁਖੀ | |
| 260 |
_aਲੁਧਿਆਨਾ _bਚੇਤਨਾ ਪ੍ਰਕਾFਨ ਭਾਰਤ _c2016 |
||
| 300 |
_a143ਪ੍ਰ0 _ccm. |
||
| 650 | _a ਪੰਜਾਬੀ ਕਹਾਣੀ | ||
| 942 |
_hO153,3NDH5x, Q6 _cTEXL _2cc |
||
| 999 |
_c1028499 _d1028499 |
||